Ley Federal para Prevenir y Eliminar la Discriminación : comentada /

La presente Ley integrada por 85 artículos tiene como objetivo prevenir y eliminar todas las formas de discriminación que se atente contra cualquier persona en México. Cada artículo es comentado por el constitucionalista mexicano Miguel Carbonell.

Gorde:
Xehetasun bibliografikoak
Erakunde egilea: México
Beste egile batzuk: Rincón Gallardo, Gilberto (presentación) (presentación), Carbonell, Miguel (revisión y actualización) (revisión y actualización)
Formatua: Liburua
Hizkuntza:gaztelania
Argitaratua: México : Consejo Nacional para Prevenir la Discriminación, 2007, c2007
Saila:(Estudios Consejo Nacional para Prevenir la Discriminación ; 4)
Gaiak:
Etiketak: Etiketa erantsi
Etiketarik gabe, Izan zaitez lehena erregistro honi etiketa jartzen!

MARC

LEADER 00000nam^a2200000^a^4500
001 000309687
005 20250620000000.0
009 20260310112953.727
020 |a 978-970-9833-53-9 
037 |a Acervo ITESO - Biblioteca 
041 |a ESP 
082 |a 342. 72087  |b MEX 2007 
110 |a México 
240 1 1 |a [Ley Federal para Prevenir y Eliminar la Discriminación] 
240 1 1 |a [Leyes, etc.] 
245 1 0 |a Ley Federal para Prevenir y Eliminar la Discriminación :  |b comentada /  |c Comentarios de M. Carbonell ; presen. de G. Rincón Gallardo. 
264 4 |a México :  |b Consejo Nacional para Prevenir la Discriminación,  |c 2007, c2007 
300 |a 206 p. 
336 |a texto  |b txt  |2 rdacontenido 
337 |a sin mediación  |b n  |2 rdamedio 
338 |a volumen  |b nc  |2 rdasoporte 
440 1 |a (Estudios Consejo Nacional para Prevenir la Discriminación ;  |v 4) 
520 |a La presente Ley integrada por 85 artículos tiene como objetivo prevenir y eliminar todas las formas de discriminación que se atente contra cualquier persona en México. Cada artículo es comentado por el constitucionalista mexicano Miguel Carbonell. 
649 |a XX 
650 |a Discriminación -  |z México -  |x Leyes y Reglamentos -  |x Tema Principal 
650 |a Derecho Social -  |z México -  |x Leyes y Reglamentos 
650 |a Derecho Público -  |z México -  |x Leyes y Reglamentos 
700 |a Rincón Gallardo, Gilberto  |e (presentación) 
700 |a Carbonell, Miguel  |e (revisión y actualización) 
910 |a Fondo General 
920 |a Impresos - Libros 
930 |a Colección General 
905 |a 101 
901 |a 0500196239  |b IT1  |c ACC  |d DT  |i D55284  |u 20250620 
902 |a https://opac.biblio.iteso.mx/vufind/Record/000309687